The pioneer monthly economic journal of Pakistan./ (Record no. 112763)
[ view plain ]
| 000 -LEADER | |
|---|---|
| fixed length control field | 00435nam a22001577a 4500 |
| 003 - CONTROL NUMBER IDENTIFIER | |
| control field | BD-ChCU |
| 005 - DATE AND TIME OF LATEST TRANSACTION | |
| control field | 20260507100008.0 |
| 008 - FIXED-LENGTH DATA ELEMENTS--GENERAL INFORMATION | |
| fixed length control field | 260507b bg ||||| |||| 00| 0 ben d |
| 040 ## - CATALOGING SOURCE | |
| Transcribing agency | BD-ChCU |
| 082 ## - DEWEY DECIMAL CLASSIFICATION NUMBER | |
| Classification number | P 330.5 TRA |
| 100 ## - MAIN ENTRY--PERSONAL NAME | |
| Personal name | Trade and Industry , Karachi ./ |
| 9 (RLIN) | 22571 |
| 245 ## - TITLE STATEMENT | |
| Title | The pioneer monthly economic journal of Pakistan./ |
| 300 ## - PHYSICAL DESCRIPTION | |
| Extent | Vol. viii , vol . xi . |
| 650 #0 - SUBJECT ADDED ENTRY--TOPICAL TERM | |
| Topical term or geographic name entry element | Economics . |
| 9 (RLIN) | 22573 |
| 942 ## - ADDED ENTRY ELEMENTS (KOHA) | |
| Source of classification or shelving scheme | Dewey Decimal Classification |
| Koha item type | Books |
| Suppress in OPAC | No |
| Withdrawn status | Lost status | Source of classification or shelving scheme | Damaged status | Not for loan | Home library | Current library | Shelving location | Date acquired | Source of acquisition | Total Checkouts | Full call number | Barcode | Date last seen | Copy number | Price effective from | Koha item type |
|---|---|---|---|---|---|---|---|---|---|---|---|---|---|---|---|---|
| Dewey Decimal Classification | Chittagong University Library | Chittagong University Library | Science Reading Room | 05/07/2026 | Purchase | P 330.5 TRA | 32606 | 05/07/2026 | C-1 | 05/07/2026 | Books | |||||
| Dewey Decimal Classification | Chittagong University Library | Chittagong University Library | Science Reading Room | 05/07/2026 | Purchase | P 330.5 TRA | 32607 | 05/07/2026 | C-2 | 05/07/2026 | Books | |||||
| Dewey Decimal Classification | Chittagong University Library | Chittagong University Library | Science Reading Room | 05/07/2026 | Purchase | P 330.5 TRA | 32610 | 05/07/2026 | C-3 | 05/07/2026 | Books | |||||
| Dewey Decimal Classification | Chittagong University Library | Chittagong University Library | Science Reading Room | 05/07/2026 | Purchase | P 330.5 TRA | 32611 | 05/07/2026 | C-4 | 05/07/2026 | Books |